Engineering electromagnetics (Record no. 3963)

000 -LEADER
fixed length control field 00510nam a2200193 i 4500
001 - CONTROL NUMBER
control field 3963
003 - CONTROL NUMBER IDENTIFIER
control field BD-DhUET
008 - FIXED-LENGTH DATA ELEMENTS--GENERAL INFORMATION
fixed length control field 800401s1981 nyua b 001 0 eng
020 ## - INTERNATIONAL STANDARD BOOK NUMBER
International Standard Book Number 0070273952
040 ## - CATALOGING SOURCE
Original cataloging agency DLC
Transcribing agency DLC
Modifying agency BD-DhUET
082 00 - DEWEY DECIMAL CLASSIFICATION NUMBER
Classification number 530.41
Item number HAY/1981
100 ## - MAIN ENTRY--PERSONAL NAME
Personal name Hayt, William H.
245 10 - TITLE STATEMENT
Title Engineering electromagnetics
Statement of responsibility, etc. by William H. Hayt
250 ## - EDITION STATEMENT
Edition statement 4th ed.
260 ## - PUBLICATION, DISTRIBUTION, ETC. (IMPRINT)
Place of publication, distribution, etc. New York
Name of publisher, distributor, etc. McGraw-Hill
Date of publication, distribution, etc. 1981
300 ## - PHYSICAL DESCRIPTION
Extent xiii, 527 p.
Other physical details ill.
Dimensions 25 cm.
650 #0 - SUBJECT ADDED ENTRY--TOPICAL TERM
Topical term or geographic name as entry element Electromagnetic theory
942 ## - ADDED ENTRY ELEMENTS (KOHA)
Koha item type General Book
Holdings
Koha date last seen Lost status Price effective from Koha full call number Copy number Not for loan Sublocation or collection (holding branch) Withdrawn status Shelving location Damaged status Koha normalized classification for sorting Date acquired Location (home branch) Piece designation (barcode) Source of classification or shelving scheme Koha item type
2014-11-10 2014-11-10530.41/HAY/19811 Central Library, BUET Circulation section 530_000000000000000_41HAY19812014-11-10Central Library, BUET79758 General Book
2014-11-10 2014-11-10530.41/HAY/19812 Central Library, BUET Circulation section 530_000000000000000_41HAY19812014-11-10Central Library, BUET79759 General Book
2014-11-29 2014-11-29530.41/HAY/19813 Central Library, BUET Circulation section 530_410000000000000_HAY_19812014-11-29Central Library, BUET79757 General Book
2014-11-29 2014-11-29530.41/HAY/19814 Central Library, BUET Circulation section 530_000000000000000_41HAY19812014-11-29Central Library, BUET79756 General Book
2015-06-11 2015-06-11530.41/HAY/19815 Central Library, BUET Reading section 530_410000000000000_HAY_19812015-06-11Central Library, BUET79760 Reading Item